000 00555nam a2200193Ia 4500
008 151119s9999||||xx |||||||||||||| ||und||
082 _a618.92
082 _bGKKV5910
100 _aगोखले अविनाश
245 _aबाळाचे आरोग्य
260 _a--
260 _b--
260 _c1991
600 _aगोखले अविनाश
630 _aबाळाचे आरोग्य
700 _aगोखले अविनाश
730 _aबाळाचे आरोग्य
942 _cBOOK
999 _c1060861
_d1060858